| 000 | 00354nam a22001217a 4500 | ||
|---|---|---|---|
| 020 | _a0-8247-2263-9 | ||
| 082 | _a004.03 ENC'B | ||
| 100 |
_aBELZER, JACK _974806 |
||
| 245 | _aENCYCLOPEDIA OF COMPUTER SCIENCE AND TECHNOLOGY VOLUME - 13 RELIABILITY THEORY TO USSR, COMPUTING IN | ||
| 260 |
_aNEWYORK _bMARCEL DEKKER _c1979 |
||
| 300 | _a507P | ||
| 942 | _cBK | ||
| 999 |
_c580305 _d580305 |
||